[Event "Niedersachsen-ch op-A"]
[Site "Verden"]
[Date "2014.01.02"]
[Round "2"]
[White "Guede, Klaus"]
[Black "Weist, Thorben"]
[Result "1-0"]
[WhiteElo "1914"]
[BlackElo "1686"]
[PlyCount "69"]
[EventDate "2014.01.02"]
[EventType "swiss"]
[EventRounds "7"]
[EventCountry "GER"]
[SourceTitle "EXT 2016"]
[Source "ChessBase"]
[SourceDate "2015.10.08"]
[SourceVersion "1"]
[SourceVersionDate "2015.10.08"]
[SourceQuality "1"]

1. d4 d5 2. c4 e6 3. Nc3 Nf6 4. Bg5 Nbd7 5. e3 c6 6. cxd5 cxd5 7. Nf3 Bb4 8. Qc2 Qa5 9. Nd2 Ne4 10. Ndxe4 dxe4 11. Bh4 0-0 12. Be2 e5 13. 0-0 Bxc3 14. bxc3 exd4 15. cxd4 f5 16. Qc4+ Kh8 17. Rfc1 Rg8 18. Be7 Nf8 19. d5 Ng6 20. Bb4 Qd8 21. Qd4 Qg5 22. g3 Nh4 23. Kf1 Nf3 24. Bxf3 exf3 25. Qf4 Qxf4 26. gxf4 Bd7 27. Rc7 Bb5+ 28. Ke1 a5 29. Ba3 Rgd8 30. Rd1 Rd7 31. d6 Rad8 32. Rd5 Be2 33. Rxd7 Rxd7 34. Rxf5 b6 35. Rf8# 1-0

[Event "Niedersachsen-ch U14"]
[Site "Rotenburg"]
[Date "2013.03.27"]
[Round "6"]
[White "Weist, Thorben"]
[Black "Aden, Keno"]
[Result "1-0"]
[WhiteElo "1634"]
[BlackElo "1433"]
[PlyCount "45"]
[EventDate "2013.03.23"]
[EventType "swiss"]
[EventRounds "9"]
[EventCountry "GER"]
[SourceTitle "EXT 2015"]
[Source "ChessBase"]
[SourceDate "2014.11.20"]
[SourceVersion "1"]
[SourceVersionDate "2014.11.20"]
[SourceQuality "1"]

1. e4 c5 2. Nf3 Nc6 3. d4 cxd4 4. Nxd4 g6 5. Be3 Bg7 6. Nc3 Nf6 7. Bc4 0-0 8. 0-0 d6 9. h3 Bd7 10. Qd2 Re8 11. f4 a6 12. a4 e6 13. Rad1 Qc7 14. Nf3 Bf8 15. e5 dxe5 16. fxe5 Nd5 17. Bxd5 Rad8 18. Bxc6 Bxc6 19. Qf2 Qb8 20. Nd4 Re7 21. Bg5 f6 22. Bxf6 Rf7 23. Nxc6 1-0

[Event "Niedersachsen-ch U14"]
[Site "Rotenburg"]
[Date "2013.03.24"]
[Round "3"]
[White "Weist, Thorben"]
[Black "Neumann, Tiemon"]
[Result "1/2-1/2"]
[WhiteElo "1634"]
[BlackElo "1734"]
[PlyCount "33"]
[EventDate "2013.03.23"]
[EventType "swiss"]
[EventRounds "9"]
[EventCountry "GER"]
[SourceTitle "EXT 2015"]
[Source "ChessBase"]
[SourceDate "2014.11.20"]
[SourceVersion "1"]
[SourceVersionDate "2014.11.20"]
[SourceQuality "1"]

1. e4 e5 2. Nf3 Nc6 3. Bc4 Nf6 4. d4 exd4 5. 0-0 Bc5 6. Re1 d6 7. e5 dxe5 8. Nxe5 0-0 9. Nxc6 bxc6 10. Nd2 Qd6 11. h3 Bf5 12. Nf3 Rae8 13. Rxe8 Rxe8 14. b3 Bb4 15. Bb2 Be4 16. Nxd4 Rd8 17. Qc1 1/2-1/2

[Event "Niedersachsen-ch op-C"]
[Site "Verden"]
[Date "2013.01.05"]
[Round "5"]
[White "Eschholz, Dario"]
[Black "Weist, Thorben"]
[Result "1/2-1/2"]
[WhiteElo "1533"]
[BlackElo "1581"]
[PlyCount "118"]
[EventDate "2013.01.03"]
[EventType "swiss"]
[EventRounds "7"]
[EventCountry "GER"]
[SourceTitle "EXT 2021"]
[Source "ChessBase"]
[SourceDate "2020.10.23"]
[SourceVersion "1"]
[SourceVersionDate "2020.10.23"]
[SourceQuality "1"]

1. e4 e6 2. d4 d5 3. exd5 exd5 4. c4 Nf6 5. Nc3 Be7 6. Be3 0-0 7. Bd3 dxc4 8. Bxc4 Nbd7 9. Nf3 Nb6 10. Bb3 Bg4 11. 0-0 Qd7 12. Ne5 Bxd1 13. Nxd7 Nbxd7 14. Raxd1 Nb6 15. Rfe1 Bb4 16. Re2 Bxc3 17. bxc3 Ne4 18. Bd2 Nxd2 19. Rexd2 Rfe8 20. Kf1 Re7 21. Re1 Rae8 22. Rxe7 Rxe7 23. Re2 Kf8 24. Rxe7 Kxe7 25. Ke2 f6 26. Kd3 c6 27. c4 Nd7 28. c5 b6 29. cxb6 axb6 30. Bc2 Kd6 31. f3 Nf8 32. Bb3 Ne6 33. g3 f5 34. f4 b5 35. a3 c5 36. Bxe6 Kxe6 37. dxc5 Kd5 38. c6 Kxc6 39. Kd4 Kd6 40. Kc3 Kc5 41. Kb3 Kc6 42. Kc3 Kb6 43. Kb4 h6 44. h4 h5 45. Kc3 Ka5 46. Kb3 g6 47. Kc3 Ka4 48. Kb2 b4 49. axb4 Kxb4 50. Kc2 Kc4 51. Kd2 Kd4 52. Ke2 Ke4 53. Kf2 Kd3 54. Kf3 Kd4 55. Kf2 Kc4 56. Ke2 Kc5 57. Ke3 Kc4 58. Ke2 Kd4 59. Kd2 Ke4 1/2-1/2

[Event "Niedersachsen-ch op-C"]
[Site "Verden"]
[Date "2013.01.04"]
[Round "3"]
[White "Neumann, Tiemon"]
[Black "Weist, Thorben"]
[Result "0-1"]
[WhiteElo "1729"]
[BlackElo "1581"]
[PlyCount "80"]
[EventDate "2013.01.03"]
[EventType "swiss"]
[EventRounds "7"]
[EventCountry "GER"]
[SourceTitle "EXT 2021"]
[Source "ChessBase"]
[SourceDate "2020.10.23"]
[SourceVersion "1"]
[SourceVersionDate "2020.10.23"]
[SourceQuality "1"]

1. e4 e6 2. d4 d5 3. exd5 exd5 4. c4 Nf6 5. Nc3 Be7 6. Nf3 0-0 7. Bd3 dxc4 8. Bxc4 Nbd7 9. 0-0 Nb6 10. Bb3 Bg4 11. d5 Bb4 12. Bg5 Bxc3 13. bxc3 Nbxd5 14. h3 Bh5 15. c4 Nb6 16. Qxd8 Raxd8 17. Bxf6 gxf6 18. Nh4 Be2 19. Rfe1 Bxc4 20. Bxc4 Nxc4 21. Re7 Rc8 22. Rc1 b5 23. Nf5 Rfe8 24. Nh6+ Kg7 25. Nf5+ Kg6 26. Nh4+ Kh5 27. Rxe8 Rxe8 28. Nf3 Rd8 29. Re1 Rd7 30. Re8 a5 31. g4+ Kh6 32. Nh4 Nd6 33. Rg8 c5 34. f4 c4 35. g5+ fxg5 36. fxg5+ Kh5 37. Nf3 c3 38. Rh8 c2 39. Rxh7+ Kg6 40. Rh6+ Kg7 0-1

[Event "Niedersachsen-ch op-C"]
[Site "Verden"]
[Date "2013.01.03"]
[Round "1"]
[White "Muermans, Ansgar"]
[Black "Weist, Thorben"]
[Result "0-1"]
[WhiteElo "1241"]
[BlackElo "1581"]
[PlyCount "70"]
[EventDate "2013.01.03"]
[EventType "swiss"]
[EventRounds "7"]
[EventCountry "GER"]
[SourceTitle "EXT 2021"]
[Source "ChessBase"]
[SourceDate "2020.10.23"]
[SourceVersion "1"]
[SourceVersionDate "2020.10.23"]
[SourceQuality "1"]

1. e4 d5 2. Nc3 dxe4 3. Nxe4 Bf5 4. Qf3 Bxe4 5. Qxe4 c6 6. Bc4 Nf6 7. Qf3 e6 8. Ne2 Nbd7 9. d4 Bd6 10. 0-0 h6 11. Bd3 Qe7 12. c4 g5 13. c5 Bc7 14. Bc4 g4 15. Qd3 0-0-0 16. b4 Ne5 17. Qc3 Ne4 18. Qe3 Nxc4 19. Qxe4 h5 20. Qc2 h4 21. Qxc4 Rdg8 22. Qc3 Bxh2+ 23. Kxh2 g3+ 24. fxg3 hxg3+ 25. Kg1 Qh4 26. Nxg3 Rxg3 27. Qc4 Qh2+ 28. Kf2 Qxg2+ 29. Ke1 Qe4+ 30. Qe2 Qxd4 31. Bb2 Qxb4+ 32. Qd2 Qe4+ 33. Qe2 Re3 34. Qxe3 Qxe3+ 35. Kd1 Rh2 0-1